000 03314cam a22012134i 4500
003 PE-LiUPU
005 20250813185344.0
008 150617s1989 pe rb 000 0 spa d
035 _a(Sirsi) a17219
040 _aPE-LiUPU
_bspa
_cPE-LiUPU
_erda
049 _aPRUA
082 0 4 _a341.7785
_bR74
_221
100 1 _aRodríguez Pastor, Humberto,
_d1937- ,
_eautor.
245 1 0 _aHijos del celeste imperio en el Perú (1850-1900) :
_bmigración, agricultura, mentalidad y explotación /
_cHumberto Rodríguez Pastor.
264 1 _aLima :
_bGráfica Bellido,
_c1989.
300 _a318 páginas :
_bilustraciones ;
_c20 centímetros
336 _atext
_2rdacontent
337 _aunmediated
_2rdamedia
338 _avolume
_2rdacarrier
504 _aBibliografía: páginas 285-292
505 0 _aHaciendas, hacendados y chinos culíes -- Contratas y recontratas -- Agricultura y chinos en Lambayeque y La Libertad -- Respuesta de los chinos -- Chinos contratistas y chinos enganchados -- Emergencia del enganche en Cayaltí -- Biografías individuales -- Cultura chino-cantonesa en el Perú rural y urbano.
526 _aP202
526 _aP201
526 _aP163
526 _aP162
526 _aP161
526 _aP160
526 _aP148
526 _aP147
526 _aP146
526 _aP145
526 _aP144
526 _aP143
526 _aP142
526 _aP141
526 _aP140
526 _aP139
526 _aP138
526 _aP137
526 _aP136
526 _aP135
526 _aP134
526 _aP133
526 _aP129
526 _aP128
526 _aP127
526 _aP120
526 _aP119
526 _aP118
526 _aP116
526 _aP115
526 _aP114
526 _aP110
526 _aP109
526 _aP108
526 _aP104
526 _aP103
526 _aP102
526 _aP99
526 _aP98
526 _aP97
526 _aP96
526 _aP95
526 _aP93
526 _aP90
526 _aP89
526 _aP88
526 _aP83
526 _aP82
526 _aP62
526 _aP59
526 _aP58
526 _aP57
526 _aP51
526 _aP49
526 _aP48
526 _aP47
526 _aP29
526 _aP24
526 _aP20
526 _aP19
526 _aP17
526 _aP15
526 _aP14
526 _aP12
526 _aP10
526 _aP09
526 _aP08
526 _aP07
526 _aP06
526 _aP05
526 _aP04
526 _aP01
650 0 4 _aChinos
_zPerú
_xCondiciones económicas
_ySiglo XIX.
650 0 4 _aChinos
_zPerú
_xCondiciones sociales
_ySiglo XIX.
910 _ajck
_bjvq
_cjck
_d20150616
910 _adbm
_bksl
_cksl
_d20190703
942 _2ddc
_cBOOK
949 _a341.7785 R74
_wDEWEY
_c1
_i36233
_lCCODEBUL1
_mBUL
_p15.00
_r0
_sY
_tBOOK
_u19940831
_xEDUCACION
_zUNKNOWN
_0COMPRA
_o.STAFF. Colección Ciencias Humanas y Educación
994 _aC0
_bPEPRU
596 _a1
999 _a341.7785 R74
_wDEWEY
_c16774
_i36233
_d16774
_e2019-6-23
_f2021-11-5
_g6
_lCCODEBUL1
_mBUL
_n2
_p15.00
_r0
_sY
_tBOOK
_u2015-6-17
_xBIBLIOTECA
_zUNKNOWN
_0COMPRA
_o.STAFF. Colección Ciencias Humanas y Educación
980 _81
_gALBERTO SANCHEZ Responsable de Automatización